Discrete Structure and Graph Theory (Record no. 587)
[ view plain ]
| 000 -LEADER | |
|---|---|
| Fixed length control field | 00487nam a2200181 4500 |
| 003 - CONTROL NUMBER IDENTIFIER | |
| Control field | SEACOMMC |
| 005 - DATE AND TIME OF LATEST TRANSACTION | |
| Control field | 20250417133255.0 |
| 008 - FIXED-LENGTH DATA ELEMENTS--GENERAL INFORMATION | |
| Fixed length control field | 240924b |||||||| |||| 00| 0 eng d |
| 020 ## - INTERNATIONAL STANDARD BOOK NUMBER / ISBN | |
| International Standard Book Number | 81-7660-071-7 |
| Price | Rs.280.00 |
| 040 ## - CATALOGING SOURCE | |
| Original cataloging agency | SEACOMMC |
| 082 ## - DEWEY DECIMAL CLASSIFICATION NUMBER | |
| Classification number | 511.1 |
| Book Number | R230 |
| 100 ## - MAIN ENTRY--PERSONAL NAME | |
| Personal name | :Rathore, S.K.S |
| 245 1# - TITLE STATEMENT | |
| Title | Discrete Structure and Graph Theory |
| Statement of responsibility | S.K.S. Rathore [and] Harsha Chaudhari |
| 250 ## - EDITION STATEMENT | |
| Edition statement | 6th ed. |
| 260 ## - IMPRINT | |
| Place of publication | Kplkata |
| Name of publisher | Everest |
| Date of publication | 2006 |
| 650 ## - SUBJECT ADDED ENTRY--TOPICAL TERM | |
| Topical term | Mathematics |
| 942 ## - ADDED ENTRY ELEMENTS (KOHA) | |
| Koha item type | Books |
| Withdrawn status | Lost status | Source of classification | Damaged status | Not for loan | Home library | Current library | Date acquired | Total Checkouts | Call number | Accession number | Date last seen | Price effective from | Koha item type | Copy number |
|---|---|---|---|---|---|---|---|---|---|---|---|---|---|---|
| Dewey Decimal Classification | SEACOM MANAGEMENT COLLEGE | SEACOM MANAGEMENT COLLEGE | 03/10/2007 | 511.1 R230 | M-287 | 24/09/2024 | 24/09/2024 | Books | ||||||
| Dewey Decimal Classification | SEACOM MANAGEMENT COLLEGE | SEACOM MANAGEMENT COLLEGE | 03/10/2007 | 511.1 R230 | M-288 | 24/09/2024 | 24/09/2024 | Books | 1 | |||||
| Dewey Decimal Classification | SEACOM MANAGEMENT COLLEGE | SEACOM MANAGEMENT COLLEGE | 03/10/2007 | 511.1 R230 | M-289 | 24/09/2024 | 24/09/2024 | Books | 2 | |||||
| Dewey Decimal Classification | SEACOM MANAGEMENT COLLEGE | SEACOM MANAGEMENT COLLEGE | 03/10/2007 | 511.1 R230 | M-290 | 24/09/2024 | 24/09/2024 | Books | 3 | |||||
| Dewey Decimal Classification | SEACOM MANAGEMENT COLLEGE | SEACOM MANAGEMENT COLLEGE | 03/10/2007 | 511.1 R230 | M-291 | 24/09/2024 | 24/09/2024 | Books | 4 | |||||
| Dewey Decimal Classification | SEACOM MANAGEMENT COLLEGE | SEACOM MANAGEMENT COLLEGE | 03/10/2007 | 511.1 R230 | M-292 | 24/09/2024 | 24/09/2024 | Books | 5 | |||||
| Dewey Decimal Classification | SEACOM MANAGEMENT COLLEGE | SEACOM MANAGEMENT COLLEGE | 03/10/2007 | 511.1 R230 | M-293 | 24/09/2024 | 24/09/2024 | Books | 6 |
